| 000 | 00921nam a22001577a 4500 | ||
|---|---|---|---|
| 003 | OSt | ||
| 005 | 20150918134041.0 | ||
| 008 | 150918b xxu||||| |||| 00| 0 eng d | ||
| 040 | _cRUA | ||
| 082 | _aAGR CHH 2005 B032 Or.1 | ||
| 100 |
_9757 _aCHHOEUN SEILA |
||
| 245 | _aEffect of using three kinds of liquid compost fertilizers on chinese kale crop under green house condition royal university of agriculture,(ការសិក្សាពីប្រសិទ្ធភាពនៃការប្រើប្រាស់ជីកំប៉ុស្តទឹកបីប្រភេទទៅលើដំណាំខាត់ណាដើមក្នុងល័ក្ខខណ្ឌផ្ទះពិសោធន៍ប្លាស្ទិច នៅសាកលវិទ្យាល័យភូមិន្ទកសិកម្ម) | ||
| 260 |
_aphnom penh _bRUA _c2005 |
||
| 300 |
_axii,48p. _cill. _g29cm. |
||
| 942 |
_2ddc _cAGR |
||
| 999 |
_c726 _d726 |
||